Derechos humanos (Record no. 183348)

MARC details
000 -LEADER
campo de control de longitud fija 01084nam a2200277 i 4500
001 - NÚMERO DE CONTROL
campo de control 183348
003 - IDENTIFICADOR DE NÚMERO DE CONTROL
campo de control ES-MaACL
005 - FECHA Y HORA DE LA ÚLTIMA TRANSACCIÓN
campo de control 20250809042457.0
008 - DATOS DE LONGITUD FIJA--INFORMACIÓN GENERAL
campo de control de longitud fija 140327s2012 sp |||| | spa d
020 ## - NÚMERO INTERNACIONAL ESTÁNDAR DEL LIBRO
Número Internacional Estándar del Libro 978-84-940357-1-5
080 ## - NÚMERO DE LA CLASIFICACIÓN DECIMAL UNIVERSAL
Número de la Clasificación Decimal Universal 342.7
245 00 - MENCIÓN DEL TÍTULO
Título Derechos humanos
Resto del título : nuevos espacios de representación /
Mención de responsabilidad, etc. Graciano González R. Arnaiz (ed.).
250 ## - MENCION DE EDICION
Mención de edición 1ª ed.
260 ## - PUBLICACIÓN, DISTRIBUCIÓN, ETC.
Lugar de publicación, distribución, etc. Madrid :
Nombre del editor, distribuidor, etc. Escolar y Mayo,
Fecha de publicación, distribución, etc. 2012.
300 ## - DESCRIPCIÓN FÍSICA
Extensión 198 p. ;
Dimensiones 23 cm.
490 1# - MENCIÓN DE SERIE
Mención de serie Colección de análisis y crítica
500 ## - NOTA GENERAL
Nota general Libro homenaje a Juan Miguel Palacios García y a Manuel Sánchez Cuesta.
504 ## - NOTA DE BIBLIOGRAFÍA, ETC.
Nota de bibliografía, etc. Referencias bibliográficas.
650 07 - PUNTO DE ACCESO ADICIONAL DE MATERIA--TÉRMINO DE MATERIA
Término de materia o nombre geográfico como elemento de entrada Derechos humanos
Fuente del encabezamiento o término embne
9 (RLIN) 11770
700 1# - ENTRADA AGREGADA--NOMBRE PERSONAL
Nombre de persona González R. Arnáiz, Graciano
9 (RLIN) 58895
830 0# - PUNTO DE ACCESO ADICIONAL DE SERIE-TÍTULO UNIFORME
Título uniforme Colección de análisis y crítica
9 (RLIN) 224974
852 ## - LOCALIZACIÓN
Ubicación ES-MaACL
Número de control de estantería A-13088
itemnumber 190287
Sublocalización o colección R.149936
Ubicación en estantería Depósito 1
Signatura antigua Olim: N-6088
Donativo/Legado Donación: Graciano González R. Arnaiz
Anotaciones manuscritas Dedicatoria autógrafa del editor
903 ## - NOMBRE PERSONAL DE DONANTE
a González R. Arnáiz, Graciano
e Donante
9 58895
942 ## - ELEMENTOS DE ENTRADA SECUNDARIOS (KOHA)
Fuente del sistema de clasificación o colocación Clasificación decimal universal
Tipo de ítem Koha Libro impreso
Holdings
Estatus retirado Estado de pérdida Fuente del sistema de clasificación o colocación Estado de daño No para préstamo Colección Biblioteca de origen Biblioteca actual Ubicación en estantería Fecha de adquisición Total de préstamos Signatura topográfica completa Código de barras Visto por última vez Precio de reemplazo Tipo de ítem Koha Nota pública
    Clasificación decimal universal     Libros con dedicatorias Biblioteca del Ateneo de Madrid Biblioteca del Ateneo de Madrid Depósito 1 27/03/2014   A-13088 1192714 23/02/2023 23/02/2023 Libro impreso Dedicatoria autógrafa del editor